000 00513nam a22002177a 4500
003 UA-OsUOA
001 68854
007 ta
008 20100520b un ||||| |||| 00| 0 ukr d
090 _a(038)=161.1=133.1
_bР89
942 _cBK
040 _aUA-OsUOA
_brus
_cUA-OsUOA
_dUA-OsUOA
245 _aРусско-французский словарь
300 _a592 с.
955 _a2
041 _arus
080 _a(038)=161.1=133.1
260 _aМ.
_bГИС
_c1939
650 7 _2UDC
999 _c355108
_d355108